Catalog

Record Details

Catalog Search



The secret life of Marilyn Monroe ... Read More

Record details

  • ISBN: 9786316147646
  • Physical Description: 1 videodisc (180 min.) : sound, color ; 4 3/4 in.
  • Publisher: [Place of publication not identified] : A&E, [2015]

Content descriptions

General Note:
Widescreen.
Participant or Performer Note:
Susan Sarandon, Kelli Garner, Jeffrey Dean Morgan, ... Read More
Date/Time and Place of an Event Note:
Originally broadcast by Lifetime May 30-31, 2015.
Summary, etc.:
Based on the New York Times best-seller, reveals ... Read More
Target Audience Note:
Rating: TV14.
System Details Note:
DVD, widescreen presentation; 5.1 Dolby digital.
Language Note:
English dialogue; English subtitles; ... Read More
Subject: Monroe, Marilyn, 1926-1962 > Drama.
Celebrities > Drama.
Actresses > Drama.
Genre: Made-for-TV movies.
Biographical films.
Historical films.
Fiction films.
Feature films.
Biographical television programs.
Video recordings for the hearing impaired.
LDR 03417cgm a2200721Ii 4500
001188510
003LARL_NWRL_CONSORTIUM
00520150824160445.0
007vd cvaizq
008150706s2015 xx 180 vleng d
020 . ‡a9786316147646
02410. ‡a031398224693
02842. ‡a47426 ‡bA & E Television Networks
03311. ‡a20150530 ‡a20150531 ‡b3700
035 . ‡a(OCoLC)913250046
037 . ‡bMidwest Tape ‡nhttp://www.midwesttapes.com
040 . ‡aTEFMT ‡beng ‡erda ‡cTEFMT ‡dOCLCO ‡dTEF ‡dOCLCO ‡dGK8 ‡dIH9 ‡dOCLCO ‡dNRG
0411 . ‡aeng ‡jeng ‡heng
049 . ‡aNRGQ
050 4. ‡aPN1992.77 ‡b.S43 2015
08204. ‡a791.45/75 ‡223
24504. ‡aThe secret life of Marilyn Monroe ‡h[DVD/videorecording] / ‡cLifetime ; director, Laurie Collyer ; writers, J. Randy Taraborrelli, Stephen Kronish ; producers, Joseph Boccia, Don Carmondy, David Cormican.
257 . ‡aUnited States ‡2naf
264 1. ‡a[Place of publication not identified] : ‡bA&E, ‡c[2015]
300 . ‡a1 videodisc (180 min.) : ‡bsound, color ; ‡c4 3/4 in.
336 . ‡atwo-dimensional moving image ‡btdi ‡2rdacontent
337 . ‡avideo ‡bv ‡2rdamedia
338 . ‡avideodisc ‡bvd ‡2rdacarrier
344 . ‡adigital ‡boptical ‡gsurround ‡h5.1 Dolby digital ‡2rda
347 . ‡avideo file ‡bDVD video ‡2rda
380 . ‡aTelevision mini-series.
518 . ‡aOriginally broadcast by Lifetime May 30-31, 2015.
538 . ‡aDVD, widescreen presentation; 5.1 Dolby digital.
546 . ‡aEnglish dialogue; English subtitles; closed-captioned.
5111 . ‡aSusan Sarandon, Kelli Garner, Jeffrey Dean Morgan, Emily Watson, Embeth Davidtz, Jack Noseworthy, Eva Amurri Martino.
500 . ‡aWidescreen.
5218 . ‡aRating: TV14.
520 . ‡aBased on the New York Times best-seller, reveals the dark personal life the blonde bombshell hid from her adoring public. The riveting miniseries sheds new light on Marilyn's career, her three husbands, including Joe DiMaggio and Arthur Miller, and her obsession with President John F. Kennedy in a screen portrait as unforgettable as its iconic subject.
60010. ‡aMonroe, Marilyn, ‡d1926-1962 ‡vDrama.
650 0. ‡aCelebrities ‡vDrama.
650 0. ‡aActresses ‡vDrama. ‡0(LARL_NWRL_CONSORTIUM)170382
655 7. ‡aMade-for-TV movies. ‡2lcgft ‡0(LARL_NWRL_CONSORTIUM)175746
655 7. ‡aBiographical films. ‡2lcgft ‡0(LARL_NWRL_CONSORTIUM)175643
655 7. ‡aHistorical films. ‡2lcgft ‡0(LARL_NWRL_CONSORTIUM)175673
655 7. ‡aFiction films. ‡2lcgft ‡0(LARL_NWRL_CONSORTIUM)175626
655 7. ‡aFeature films. ‡2lcgft ‡0(LARL_NWRL_CONSORTIUM)175625
655 7. ‡aBiographical television programs. ‡2lcgft ‡0(LARL_NWRL_CONSORTIUM)175619
655 7. ‡aVideo recordings for the hearing impaired. ‡2lcgft ‡0(LARL_NWRL_CONSORTIUM)175744
7001 . ‡aCollyer, Laurie, ‡etelevision director. ‡0(LARL_NWRL_CONSORTIUM)203439
7001 . ‡aSarandon, Susan, ‡d1946- ‡eactor. ‡0(LARL_NWRL_CONSORTIUM)84107
7001 . ‡aGarner, Kelli, ‡d1984- ‡eactor.
7001 . ‡aMorgan, Jeffrey Dean, ‡d1966- ‡eactor. ‡0(LARL_NWRL_CONSORTIUM)216457
7001 . ‡aWatson, Emily, ‡d1967- ‡eactor. ‡0(LARL_NWRL_CONSORTIUM)151511
7001 . ‡aDavidtz, Embeth, ‡d1966- ‡eactor. ‡0(LARL_NWRL_CONSORTIUM)142083
7001 . ‡aNoseworthy, Jack, ‡d1969- ‡eactor. ‡0(LARL_NWRL_CONSORTIUM)220314
7001 . ‡aMartino, Eva Amurri, ‡eactor
7102 . ‡aLifetime Television (Firm) ‡0(LARL_NWRL_CONSORTIUM)184853
7102 . ‡aArts and Entertainment Network, ‡epubisher. ‡0(LARL_NWRL_CONSORTIUM)150608
901 . ‡a188510 ‡bOCLC ‡c188510 ‡tbiblio

Additional Resources